000 00477nab a2200145Ia 4500
003 ES-SlBCS
005 20210601124318.0
008 140529s1998 xxu||||| |||| 00| 0 eng d
041 _aeng
100 1 _aBowers, C. A.
_9139519
245 0 0 _aTeaching a Nineteenth-Century Node of Thinking Through A Twentieth-Century Machine
_c C. A. Bowers
650 0 4 _aEducación-Siglo XIX
_9139579
773 0 _tEducational Theory
_gvol. 38, nº. 1, 1998, págs. 41-46
_wRev1399
942 _cAR
999 _c512747
_d512747